Kostol Svätého Ducha Žehra

Bibliographic Details
Corporate Author: Kostol Ducha Svätého (Žehra, Slovensko) (Author)
Other Authors: Jiroušek, Alexander, 1934-2021 (fot), Krajňák, M. (tex), Billingham, Andrew (Translator), Horňáková, A. (Translator), Jiroušková, Janka (gup)
Format: Book
Language:Slovak
PhysicalDescription:[20] s. fareb. fotogr., mp. 15x11 cm
Published: Košice Agentúra SÁŠA 1994
ISBN:8096709615
Subjects:

MARC

LEADER 00000nam a2200000 a 4500
001 vtls001223121
003 SK-MaSNL
005 20260302031953.0
008 160414s1994 xo y 0 slo
015 |a SNBE1997/0100244 
020 |a 8096709615 
035 |a SNK000169023 
040 |a SNK  |b slo  |c SNK  |e AACR2 
041 0 |a slo 
044 |a xo  |c SK 
080 |a 726.54(437.678)(083.9)=854=20=30  |2 1981 
080 |a 943.76  |2 1981 
110 0 |a Kostol Ducha Svätého (Žehra, Slovensko)  |4 aut  |9 32657 
245 1 |a Kostol Svätého Ducha Žehra  |c foto A. Jiroušek ; text M. Krajňák ; preklady do angličtiny A. Billingham, do nemčiny A. Horňáková ; design J. Jiroušková 
246 1 0 |a The Church of the Holy Spirit Žehra 
246 1 0 |a Die Kirche des Heligen Geistes Žehra 
246 1 1 |a The Church of the Holy Spirit Žehra 
246 1 1 |a Die Kirche des Heligen Geistes Žehra 
260 |a Košice  |b Agentúra SÁŠA  |c 1994 
300 |a [20] s.  |b fareb. fotogr., mp.  |c 15x11 cm 
500 |a Súbež. názov a text angl. a nem. 
610 2 7 |a Kostol Ducha Svätého (Žehra, Slovensko)  |2 SNK  |9 32657 
651 7 |a 5409  |2 SNK  |9 284640 
655 7 |a informačné publikácie  |2 SNK  |9 70181 
700 1 |a Jiroušek, Alexander,  |d 1934-2021  |4 fot  |9 223957 
700 1 |a Krajňák, M.  |4 tex  |9 7632 
700 1 |a Billingham, Andrew  |4 trl  |9 215474 
700 1 |a Horňáková, A.  |4 trl  |9 44322 
700 1 |a Jiroušková, Janka  |4 gup  |9 44625 
919 |a 80-967096-1-5 
958 |a TL 
958 |a BQ 
999 |c 1054413  |d 1056343 
952 |t P60, <09>, [BOOK], {629}  |a SNK  |b SNK  |y NEVYP  |7 0  |o snkE 182  |i snk4071/961120  |0 0  |1 0  |4 0  |d 1996-11-19  |l 0  |r 2005-01-01 00:00:00  |w 2026-02-24 
952 |t P60, <03>, [BOOK], {603}  |a SNK  |b SNK  |y PREZ  |7 0  |p 17A0022391  |o snkOSE 3381  |i snkKSP 10014/96  |0 0  |1 0  |4 0  |d 1996-11-19  |l 0  |r 2005-01-01 00:00:00  |w 2026-02-24 
952 |t P60, <04>, [BOOK], {604}  |a SNK  |b SNK  |y VYP  |7 0  |p 17A0022390  |o snkOSE 3381 D1  |i snkKSP 10015/96  |0 0  |1 0  |4 0  |d 1996-11-19  |l 0  |r 2005-01-01 00:00:00  |w 2026-02-24